| 000 | 01505nam a2200301Ia 4500 | ||
|---|---|---|---|
| 001 | ebr10071576 | ||
| 003 | CaPaEBR | ||
| 006 | m u | ||
| 007 | cr cn||||||||| | ||
| 008 | 050321s1995 dcu sb 100 0 eng d | ||
| 020 | _z0309575281 (electronic bk.) | ||
| 040 |
_aCaPaEBR _cCaPaEBR |
||
| 035 | _a(OCoLC)58546995 | ||
| 050 | 1 | 4 |
_aHT393.C36 _bI47 1995eb |
| 082 | 0 | 4 |
_a333.91709794 _222 |
| 245 | 0 | 0 |
_aImproving interactions between coastal science and policy _h[electronic resource] : _bproceedings of the California Symposium, NAS Beckman Center, Irvine, California, November 11-13, 1992. |
| 260 |
_aWashington, D.C. : _bNational Academy Press, _c1995. |
||
| 300 | _aviii, 224 p. | ||
| 500 | _a"Committee on the Coastal Ocean, Ocean Studies Board, Commission on Geosciences, Environment, and Resources, National Research Council." | ||
| 504 | _aIncludes bibliographical references. | ||
| 533 |
_aElectronic reproduction. _bPalo Alto, Calif. : _cebrary, _d2009. _nAvailable via World Wide Web. _nAccess may be limited to ebrary affiliated libraries. |
||
| 650 | 0 |
_aCoastal zone management _xLaw and legislation _zCalifornia _vCongresses. |
|
| 650 | 0 |
_aCoasts _xResearch _vCongresses. |
|
| 655 | 7 |
_aElectronic books. _2local |
|
| 710 | 2 |
_aNational Research Council (U.S.). _bCommittee on Science and Policy for the Coastal Ocean. |
|
| 710 | 2 | _aebrary, Inc. | |
| 856 | 4 | 0 |
_uhttp://site.ebrary.com/lib/rucke/Doc?id=10071576 _zAn electronic book accessible through the World Wide Web; click to view |
| 999 |
_c33431 _d33431 |
||